00582 2200217 4500001002100000005001500021035002000036007000300056008004100059020002200100082001000122084001600132100001700148245007100165260004400236300002900280650001700309700001800326700001000344990001000354INLIS00000000000193420180502102524 a0010-0518000004ta180502 g 0 ind  a978-602-02-7145-3 a741.5 a741.5 HAM h0 aHAMA, Nobuko1 aHappy! 10 /cNobuko Hama; alih bahasa, Ayu Arsandhi; editor, Niken aJakarta :bElex Media Komputindo,c2015 a406 hlm :bilus ;c18 cm aKOMIK.BACAAN0 aAYU, Arsandhi0 aNIKEN a16141